000 00734nam a2200217 a 4500
008 120416s1998 ||||||||||||||||| || u
020 _a1856496228
050 _aHV 8593 End
100 _aDunĂ¢er, Bertil, 1942-
245 1 3 _aAn end to torture: strategies for its eradication
_cedited by Bertil Duner
260 _aLondon:
_bZed Books
_c1998
300 _axii, 266p.
350 _a0.00
650 _aTORTURE (INTERNATIONAL LAW)
650 0 _aHUMAN RIGHTS
650 _aTORTURE
650 _aRIGHTS
650 _aTORTURE -- PREVENTION
650 _aTORTURE VICTIMS
995 _D0.00
_FCBU-MAIN LIBRARY (Kitwe)
_H1
_I42.00
_M1
_UAVAILABLE
_ZMain Library Open Access Collection
999 _c41842
_d41842